[Event "RA National Capital op"]
[Site "Ottawa CAN"]
[Date "2021.11.06"]
[Round "3"]
[White "Demchenko, Svitlana"]
[Black "Rodrigue-Lemieux, Shawn"]
[Result "0-1"]
[WhiteElo "2281"]
[BlackElo "2395"]
[PlyCount "76"]
[EventDate "2021.11.05"]
[EventType "swiss"]
[EventRounds "5"]
[EventCountry "CAN"]

1. d4 Nf6 2. c4 e6 3. Nc3 Bb4 4. e3 O-O 5. Bd3 d5 6. cxd5 exd5 7. Nge2 Re8 8.
f3 c5 9. a3 Bxc3+ 10. bxc3 b6 11. O-O Ba6 12. Ng3 Bxd3 13. Qxd3 Nc6 14. Bb2 Rc8
15. Rad1 Qd7 16. e4 dxe4 17. fxe4 Qg4 18. e5 Nd5 19. Ne4 Rcd8 20. h3 Qg6 21.
Qf3 cxd4 22. cxd4 Nce7 23. Rf2 h6 24. Rdf1 Rf8 25. a4 f6 26. exf6 Nxf6 27. Qb3+
Nfd5 28. Ng3 Rxf2 29. Rxf2 Rc8 30. Nf5 Kh7 31. Nxe7 Nxe7 32. d5 Qb1+ 33. Rf1
Qg6 34. Rf2 Rd8 35. d6 Rxd6 36. Rf7 Nf5 37. Rxa7 Rd2 38. g4 Qc6 0-1

[Event "RA National Capital op"]
[Site "Ottawa CAN"]
[Date "2021.11.06"]
[Round "3"]
[White "Dukic, Zachary"]
[Black "Sambuev, Bator"]
[Result "1/2-1/2"]
[WhiteElo "2351"]
[BlackElo "2556"]
[PlyCount "70"]
[EventDate "2021.11.05"]
[EventType "swiss"]
[EventRounds "5"]
[EventCountry "CAN"]

1. e4 e5 2. Nf3 d6 3. d4 Nf6 4. Nc3 Nbd7 5. Bc4 Be7 6. O-O O-O 7. a4 b6 8. h3
a6 9. Qe2 Bb7 10. Rd1 exd4 11. Nxd4 Re8 12. Bf4 Bf8 13. Qf3 Ne5 14. Bxe5 Rxe5
15. Bd5 Nxd5 16. exd5 Qd7 17. Nc6 Rf5 18. Qd3 Rf4 19. Ne2 Rh4 20. Ned4 Re8 21.
Re1 g6 22. Kf1 Rxe1+ 23. Rxe1 Bxc6 24. dxc6 Qd8 25. b3 a5 26. Nb5 Rh5 27. Qf3
Rf5 28. Qg3 Rc5 29. c4 Rxc6 30. Nc3 Rc5 31. Nd5 Bg7 32. Qe3 Kf8 33. f4 c6 34.
Nc7 Bf6 35. Qe8+ Kg7 1/2-1/2

[Event "RA National Capital op"]
[Site "Ottawa CAN"]
[Date "2021.11.06"]
[Round "3"]
[White "Han, Johnathan"]
[Black "Sharma, Vishruth"]
[Result "1/2-1/2"]
[WhiteElo "2253"]
[BlackElo "2081"]
[PlyCount "109"]
[EventDate "2021.11.05"]
[EventType "swiss"]
[EventRounds "5"]
[EventCountry "CAN"]

1. e4 e5 2. Nf3 Nc6 3. d4 exd4 4. Nxd4 Nf6 5. Nxc6 bxc6 6. e5 Qe7 7. Qe2 Nd5 8.
c4 Ba6 9. Nd2 g6 10. Nf3 Bg7 11. Bg5 Qb4+ 12. Qd2 Qxd2+ 13. Bxd2 Nb6 14. b3 d6
15. O-O-O dxe5 16. Nxe5 Bxe5 17. Re1 Nd7 18. Bc3 f6 19. f4 O-O 20. fxe5 Nxe5
21. Bxe5 fxe5 22. Rxe5 Rf2 23. Ra5 Bb7 24. c5 Kg7 25. g3 Re8 26. Bc4 a6 27. h4
Bc8 28. Kb1 Re3 29. g4 Bxg4 30. Rxa6 Bf3 31. Rc1 Be4+ 32. Ka1 Rh3 33. Ra7 Rxh4
34. Rxc7+ Kh6 35. b4 Rhh2 36. b5 cxb5 37. Bg8 Kg5 38. Re7 Bd3 39. Rg1+ Rfg2 40.
Rxg2+ Rxg2 41. Bxh7 b4 42. Re1 Bc4 43. Rc1 Rxa2+ 44. Kb1 Bd5 45. c6 Ra8 46.
Rg1+ Kh6 47. Bxg6 Rg8 48. c7 Be6 49. Rh1+ Kxg6 50. Rg1+ Kf7 51. Rxg8 Kxg8 52.
Kb2 Kf8 53. c8=Q+ Bxc8 54. Kb3 Ke7 55. Kxb4 1/2-1/2

[Event "RA National Capital op"]
[Site "Ottawa CAN"]
[Date "2021.11.06"]
[Round "3"]
[White "Jaferian, Koosha"]
[Black "Ramesh, Sanjay"]
[Result "1-0"]
[WhiteElo "2507"]
[BlackElo "1926"]
[PlyCount "69"]
[EventDate "2021.11.05"]
[EventType "swiss"]
[EventRounds "5"]
[EventCountry "CAN"]

1. Nf3 Nf6 2. b3 d5 3. Bb2 Bf5 4. g3 e6 5. Bg2 c5 6. d3 Nc6 7. Nbd2 Be7 8. O-O
h6 9. e3 O-O 10. Qe2 Qc7 11. Ne1 Rfd8 12. f4 a6 13. h3 b5 14. g4 Bh7 15. h4 h5
16. g5 Ng4 17. Bh3 d4 18. Bxg4 dxe3 19. Bxh5 exd2 20. Qxd2 c4 21. Qg2 cxd3 22.
cxd3 Bxd3 23. Nxd3 Rxd3 24. Rac1 Qb6+ 25. Kh1 Rc8 26. Bf3 Na7 27. Rxc8+ Nxc8
28. h5 Qd8 29. h6 Rd2 30. Qh3 gxh6 31. Qxh6 Rxb2 32. Be4 f5 33. gxf6 Bxf6 34.
Rg1+ Kf7 35. Qh7+ 1-0

[Event "RA National Capital op"]
[Site "Ottawa CAN"]
[Date "2021.11.06"]
[Round "3"]
[White "Sadeghi, Saeid"]
[Black "Li, William"]
[Result "1-0"]
[WhiteElo "2137"]
[BlackElo "2299"]
[PlyCount "107"]
[EventDate "2021.11.05"]
[EventType "swiss"]
[EventRounds "5"]
[EventCountry "CAN"]

1. d4 Nf6 2. Bg5 d5 3. Bxf6 gxf6 4. Nf3 c5 5. e3 Nc6 6. c4 cxd4 7. cxd5 Qa5+ 8.
Qd2 Qxd2+ 9. Kxd2 dxe3+ 10. fxe3 Nb4 11. Bb5+ Kd8 12. Nc3 Rg8 13. Rhg1 Bh6 14.
a3 Na6 15. Bxa6 bxa6 16. Nd4 Kc7 17. Rac1 Kd6 18. Kd3 f5 19. Rcf1 e6 20. e4 f4
21. g3 e5 22. gxf4 exd4 23. Rxg8 dxc3 24. bxc3 f5 25. Kd4 fxe4 26. c4 Rb8 27.
c5+ Kc7 28. Re1 Rb2 29. d6+ Kb7 30. c6+ Kxc6 31. Rxc8+ Kxd6 32. Kxe4 Rxh2 33.
Rd1+ Ke6 34. Rc6+ Ke7 35. Rb1 Rh4 36. Rb7+ Kd8 37. Rf6 Ke8 38. Rxh7 Bg5 39.
Re6+ Kf8 40. Rxh4 Bxh4 41. Rxa6 Bf2 42. f5 Bg1 43. f6 Bc5 44. Kf5 Kf7 45. Ra4
Bb6 46. Rc4 Bd8 47. Rc6 Bb6 48. a4 Bd8 49. Ra6 Bb6 50. a5 Bf2 51. Rc6 Bd4 52.
Rc7+ Ke8 53. Ke6 Kd8 54. Rd7+ 1-0

[Event "RA National Capital op"]
[Site "Ottawa CAN"]
[Date "2021.11.06"]
[Round "3"]
[White "Shi, Michael"]
[Black "Tanaka, Tyler"]
[Result "0-1"]
[WhiteElo "2034"]
[BlackElo "2240"]
[PlyCount "74"]
[EventDate "2021.11.05"]
[EventType "swiss"]
[EventRounds "5"]
[EventCountry "CAN"]

1. e4 c6 2. d4 d5 3. Nc3 g6 4. Nf3 Bg7 5. e5 Bg4 6. Be3 e6 7. Be2 Ne7 8. h3
Bxf3 9. Bxf3 c5 10. Be2 Nf5 11. Bb5+ Nc6 12. Bxc6+ bxc6 13. O-O Qb8 14. Qd2
cxd4 15. Bxd4 Nxd4 16. Qxd4 Bxe5 17. Qa4 O-O 18. Ne2 Qb5 19. Qxb5 cxb5 20. c3
Rab8 21. Rab1 Rfc8 22. Rfc1 a5 23. f4 Bf6 24. a3 b4 25. cxb4 Rxc1+ 26. Nxc1
axb4 27. axb4 Rxb4 28. Nd3 Rb3 29. Ne5 Be7 30. Rc1 Bd6 31. Kf2 Rxb2+ 32. Kf3
Rb3+ 33. Kf2 Bxe5 34. fxe5 Rb4 35. Re1 Kg7 36. Kf3 f6 37. exf6+ Kxf6 0-1

[Event "RA National Capital op"]
[Site "Ottawa CAN"]
[Date "2021.11.06"]
[Round "3"]
[White "Van Rooy, Jake"]
[Black "Tomb, Maroun"]
[Result "0-1"]
[WhiteElo "2116"]
[BlackElo "2301"]
[PlyCount "126"]
[EventDate "2021.11.05"]
[EventType "swiss"]
[EventRounds "5"]
[EventCountry "CAN"]

1. c4 e5 2. g3 h5 3. h3 Nc6 4. Bg2 Bc5 5. Nc3 a6 6. d3 d6 7. Rb1 Nge7 8. e3 h4
9. Nge2 hxg3 10. Nxg3 Ng6 11. Nd5 Nh4 12. Bf1 Ne7 13. Nxe7 Qxe7 14. Bd2 f5 15.
Qe2 b5 16. d4 exd4 17. exd4 Bxd4 18. Qxe7+ Kxe7 19. Bg5+ Bf6 20. Bxh4 Rxh4 21.
Bg2 Rb8 22. cxb5 Rxb5 23. b3 Re5+ 24. Kf1 a5 25. Bf3 Rf4 26. Bc6 Bh4 27. Kg2
Rc5 28. Rhe1+ Be6 29. Rbc1 Rxc1 30. Rxc1 g6 31. Bf3 c5 32. Ne2 Rb4 33. Nc3 Rd4
34. Rc2 Bf6 35. Re2 Be5 36. Na4 Kf6 37. Nb6 d5 38. Rc2 Bd6 39. Kf1 g5 40. Ke1
g4 41. hxg4 fxg4 42. Bg2 c4 43. Na4 Bf5 44. Rc1 Bd3 45. Nc3 Ba3 46. Nb5 Bb4+
47. Nc3 Ke5 48. f3 g3 49. Bf1 Kf4 50. bxc4 dxc4 51. Bg2 a4 52. a3 Ba5 53. Kd2
Bf1+ 54. Kc2 Bxg2 55. Ne2+ Ke3 56. Nxd4 Kxd4 57. Rg1 Bxf3 58. Rxg3 Be4+ 59. Kc1
Bc7 60. Rg8 Bf4+ 61. Kd1 c3 62. Rd8+ Kc4 63. Rc8+ Kb3 0-1

[Event "RA National Capital op"]
[Site "Ottawa CAN"]
[Date "2021.11.07"]
[Round "4"]
[White "Abrahams, Daniel"]
[Black "Dukic, Zachary"]
[Result "0-1"]
[WhiteElo "2202"]
[BlackElo "2351"]
[PlyCount "58"]
[EventDate "2021.11.05"]
[EventType "swiss"]
[EventRounds "5"]
[EventCountry "CAN"]

1. Nf3 d5 2. g3 Bg4 3. Bg2 Nd7 4. d3 e6 5. O-O Ngf6 6. c4 c6 7. cxd5 exd5 8.
Nc3 Bc5 9. Qc2 O-O 10. e4 Re8 11. a3 a5 12. Rb1 Qe7 13. exd5 cxd5 14. Bg5 Qf8
15. Rbc1 h6 16. Bxf6 Nxf6 17. Qb3 Qd6 18. d4 Bb6 19. Ne5 Bxd4 20. Nxg4 Nxg4 21.
Qxd5 Qb6 22. Na4 Bxf2+ 23. Kh1 Qg6 24. Qf3 Re3 25. Qxb7 Rf8 26. Rc4 Bxg3 27.
Rxg4 Qxg4 28. hxg3 Qxa4 29. Bd5 Qe8 0-1

[Event "RA National Capital op"]
[Site "Ottawa CAN"]
[Date "2021.11.07"]
[Round "4"]
[White "Joseph Benher, Savio"]
[Black "Pace, Christopher"]
[Result "0-1"]
[WhiteElo "2019"]
[BlackElo "2271"]
[PlyCount "88"]
[EventDate "2021.11.05"]
[EventType "swiss"]
[EventRounds "5"]
[EventCountry "CAN"]

1. e4 e5 2. Nf3 Nc6 3. Bb5 a6 4. Ba4 Nf6 5. d3 Bc5 6. O-O b5 7. Bb3 O-O 8. a4
Rb8 9. axb5 axb5 10. Nc3 h6 11. Nd5 d6 12. c3 Nxd5 13. Bxd5 Ne7 14. Bb3 Bb6 15.
d4 exd4 16. Nxd4 Bd7 17. Qd3 c5 18. Nxb5 Bxb5 19. Qxb5 d5 20. exd5 Qd6 21. Qc4
Bc7 22. f4 Nf5 23. Bc2 Qf6 24. Qd3 g6 25. Qh3 Rfe8 26. Rb1 c4 27. Bxf5 gxf5 28.
Qf3 Re4 29. Kh1 Qe7 30. Bd2 Qc5 31. g4 Qxd5 32. gxf5 Qxf5 33. Rg1+ Kf8 34. Rbe1
Rxe1 35. Rxe1 Rxb2 36. Qa8+ Rb8 37. Qc6 Bxf4 38. Rf1 Rb1 39. Qa8+ Kg7 40. Qg2+
Bg5 41. Be1 Qe6 42. Qg3 Qe2 43. Kg1 Kh8 44. Qg2 Rxe1 0-1

[Event "RA National Capital op"]
[Site "Ottawa CAN"]
[Date "2021.11.07"]
[Round "4"]
[White "Li, William"]
[Black "Han, Johnathan"]
[Result "0-1"]
[WhiteElo "2299"]
[BlackElo "2253"]
[PlyCount "74"]
[EventDate "2021.11.05"]
[EventType "swiss"]
[EventRounds "5"]
[EventCountry "CAN"]

1. d4 Nf6 2. c4 e6 3. Nf3 b6 4. g3 Bb7 5. Bg2 Be7 6. O-O O-O 7. Re1 d5 8. Ne5
Nbd7 9. Qa4 Nxe5 10. dxe5 Nd7 11. cxd5 exd5 12. Nc3 Nxe5 13. Bf4 Ng6 14. Rad1
c6 15. e4 Nxf4 16. gxf4 b5 17. Qb3 d4 18. e5 Qb6 19. Ne4 Bc8 20. Qf3 Bb4 21.
Nf6+ Kh8 22. Qh5 gxf6 23. exf6 Rg8 24. Kh1 Bg4 25. Qh4 Qc5 26. Re5 Qc2 27. Rg1
Rg6 28. h3 Bf5 29. Qh5 Bd3 30. f5 Rgg8 31. Qxf7 Bxf5 32. Qh5 Bg6 33. Qh6 Qxf2
34. Rf1 Qd2 35. Qh4 Raf8 36. Bxc6 Bd6 37. Qg5 Be4+ 0-1

[Event "RA National Capital op"]
[Site "Ottawa CAN"]
[Date "2021.11.07"]
[Round "4"]
[White "Rodrigue-Lemieux, Shawn"]
[Black "Sambuev, Bator"]
[Result "0-1"]
[WhiteElo "2395"]
[BlackElo "2556"]
[PlyCount "64"]
[EventDate "2021.11.05"]
[EventType "swiss"]
[EventRounds "5"]
[EventCountry "CAN"]

1. c4 g6 2. g3 Bg7 3. Bg2 e5 4. Nc3 Nc6 5. e4 d6 6. d3 f5 7. Nge2 Nh6 8. h4 f4
9. gxf4 O-O 10. h5 exf4 11. hxg6 hxg6 12. Bxf4 g5 13. Bg3 Ng4 14. Qd2 Nce5 15.
Rf1 Rf3 16. d4 Nd3+ 17. Kd1 Ndxf2+ 18. Bxf2 Rxf2 19. Rxf2 Nxf2+ 20. Kc2 Nh3 21.
Bxh3 Bxh3 22. Rg1 g4 23. Nf4 Qh4 24. Ncd5 Re8 25. Kd3 c6 26. Nc7 Qf6 27. Qf2
Rf8 28. Nxh3 Qh6 29. Nf4 Rxf4 30. Qe2 Qf6 31. e5 Qf5+ 32. Kc3 dxe5 0-1

[Event "RA National Capital op"]
[Site "Ottawa CAN"]
[Date "2021.11.07"]
[Round "4"]
[White "Sadeghi, Saeid"]
[Black "Jaferian, Koosha"]
[Result "0-1"]
[WhiteElo "2137"]
[BlackElo "2507"]
[PlyCount "80"]
[EventDate "2021.11.05"]
[EventType "swiss"]
[EventRounds "5"]
[EventCountry "CAN"]

1. d4 Nf6 2. c4 e6 3. Nf3 b6 4. a3 Ba6 5. Qc2 Bb7 6. Nc3 c5 7. Bf4 d6 8. e3
cxd4 9. exd4 Be7 10. Be2 O-O 11. O-O d5 12. cxd5 Nxd5 13. Nxd5 Bxd5 14. Bd3 g6
15. Bh6 Re8 16. Ne5 Bf6 17. Be4 Na6 18. Bxd5 Qxd5 19. Nf3 Rac8 20. Qe2 Nc7 21.
Bf4 Nb5 22. Rfd1 Nxd4 23. Nxd4 Bxd4 24. Be3 e5 25. Qg4 Red8 26. Rd2 Rc6 27.
Rad1 Rcd6 28. h4 h5 29. Qg5 Qe4 30. Bxd4 exd4 31. f3 Qe6 32. Qf4 d3 33. Kf2 Rd4
34. Qe3 Qd7 35. Re1 Rxh4 36. Qg5 Rd4 37. Re7 Qd6 38. Rxa7 Re8 39. Qb5 Qe6 40.
Kg3 Qe1+ 0-1

[Event "RA National Capital op"]
[Site "Ottawa CAN"]
[Date "2021.11.07"]
[Round "4"]
[White "Tanaka, Tyler"]
[Black "Demchenko, Svitlana"]
[Result "1-0"]
[WhiteElo "2240"]
[BlackElo "2281"]
[PlyCount "133"]
[EventDate "2021.11.05"]
[EventType "swiss"]
[EventRounds "5"]
[EventCountry "CAN"]

1. Nf3 d5 2. b3 Nf6 3. Bb2 Bf5 4. g3 e6 5. Bg2 c6 6. d3 a5 7. a3 Be7 8. Nh4 Bg6
9. Nxg6 hxg6 10. Nd2 Qb6 11. c4 Nbd7 12. d4 e5 13. e3 e4 14. O-O Nh5 15. f3 f5
16. g4 Nhf6 17. fxe4 dxe4 18. gxf5 Qc7 19. h3 Qg3 20. Qe1 Qg5 21. Qf2 Bd6 22.
fxg6 Bg3 23. Qe2 O-O-O 24. Rf4 Bxf4 25. exf4 Qxg6 26. Qe3 Rh4 27. d5 cxd5 28.
Qa7 Nh5 29. cxd5 Qb6+ 30. Qxb6 Nxb6 31. Bxe4 Nxd5 32. Rc1+ Nc7 33. Nf3 Rxf4 34.
Be5 Rxe4 35. Rxc7+ Kb8 36. Rd7+ Rxe5 37. Rxd8+ Kc7 38. Nxe5 Kxd8 39. Nc4 a4 40.
bxa4 Nf4 41. Kh2 Kc7 42. Kg3 Nd3 43. Kg4 Nf2+ 44. Kg3 Nd3 45. h4 Nc5 46. Kf4
Nxa4 47. Kf5 Nc5 48. Kg6 Ne6 49. Ne3 Kd6 50. Nf5+ Ke5 51. Nxg7 Nf4+ 52. Kf7 b5
53. Kg8 Kf6 54. Ne8+ Kg6 55. Nd6 Nd3 56. Nxb5 Nb2 57. Nd4 Kh5 58. Nf3 Kg4 59.
Kg7 Kh5 60. Kf6 Kg4 61. Kg6 Nc4 62. a4 Kxf3 63. h5 Ke4 64. h6 Ne5+ 65. Kg7 Kf5
66. h7 Ng6 67. a5 1-0

[Event "RA National Capital op"]
[Site "Ottawa CAN"]
[Date "2021.11.07"]
[Round "4"]
[White "Tomb, Maroun"]
[Black "Xu, Eddie"]
[Result "1-0"]
[WhiteElo "2301"]
[BlackElo "2201"]
[PlyCount "107"]
[EventDate "2021.11.05"]
[EventType "swiss"]
[EventRounds "5"]
[EventCountry "CAN"]

1. e4 e5 2. Nf3 Nc6 3. Bb5 a6 4. Ba4 Nf6 5. O-O Bc5 6. c3 b5 7. Bb3 d6 8. d4
Bb6 9. h3 h6 10. Be3 O-O 11. dxe5 Nxe5 12. Bxb6 cxb6 13. Nxe5 dxe5 14. Qe2 Bb7
15. Nd2 Qe7 16. Rfd1 Rfd8 17. a3 Nd7 18. Nf1 Nc5 19. Bd5 Ne6 20. Bxe6 Qxe6 21.
f3 Qc4 22. Qxc4 bxc4 23. Ne3 b5 24. Kf2 Kf8 25. h4 h5 26. Ke2 Ke7 27. a4 Rxd1
28. Rxd1 g6 29. Nd5+ Bxd5 30. Rxd5 bxa4 31. Rxe5+ Kd6 32. Rd5+ Kc6 33. Kd2 Rb8
34. Kc2 Rb5 35. Rd4 Rc5 36. Kb1 g5 37. g3 gxh4 38. gxh4 Kb5 39. Ka2 f5 40. Ka3
Ka5 41. f4 fxe4 42. Rxe4 Kb6 43. Re6+ Kb7 44. Re5 Rxe5 45. fxe5 Kc6 46. Kxa4
Kd5 47. Kb4 Kxe5 48. Kxc4 Kd6 49. Kb4 Kc6 50. Ka5 Kb7 51. b4 Ka7 52. b5 axb5
53. Kxb5 Kb7 54. Kc5 1-0

[Event "RA National Capital op"]
[Site "Ottawa CAN"]
[Date "2021.11.07"]
[Round "5"]
[White "Dukic, Zachary"]
[Black "Rodrigue-Lemieux, Shawn"]
[Result "0-1"]
[WhiteElo "2351"]
[BlackElo "2395"]
[PlyCount "80"]
[EventDate "2021.11.05"]
[EventType "swiss"]
[EventRounds "5"]
[EventCountry "CAN"]

1. e4 c6 2. d4 d5 3. e5 Bf5 4. h4 h5 5. Bd3 Bxd3 6. Qxd3 e6 7. Nf3 Qa5+ 8. Nbd2
Qa6 9. c4 Nd7 10. O-O Ne7 11. b3 Nf5 12. a4 Be7 13. Ba3 Bxa3 14. Rxa3 O-O 15.
Rb1 c5 16. b4 dxc4 17. Nxc4 cxb4 18. Rxb4 Rfd8 19. Rb5 Rac8 20. Ne3 Ne7 21. Ng5
Ng6 22. Qe2 Ndf8 23. Qb2 Rc7 24. d5 exd5 25. Nxd5 Rc4 26. g3 Rxa4 27. Rf3 Rxd5
28. Rxd5 Ra1+ 29. Kh2 Qf1 30. Qxa1 Qxa1 31. Nxf7 Qa2 32. Rd8 Qe6 33. Rb8 b6 34.
Rd8 a5 35. Ng5 Qxe5 36. Kg2 a4 37. Re3 Qf6 38. Rb8 Qc6+ 39. Kg1 a3 40. Kh2 Nxh4
0-1

[Event "RA National Capital op"]
[Site "Ottawa CAN"]
[Date "2021.11.07"]
[Round "5"]
[White "Han, Johnathan"]
[Black "Abrahams, Daniel"]
[Result "1-0"]
[WhiteElo "2253"]
[BlackElo "2202"]
[PlyCount "107"]
[EventDate "2021.11.05"]
[EventType "swiss"]
[EventRounds "5"]
[EventCountry "CAN"]

1. e4 d6 2. d4 Nf6 3. Nc3 e5 4. Nf3 Nbd7 5. Bc4 Be7 6. O-O O-O 7. Re1 c6 8. a4
a5 9. h3 Nb6 10. Ba2 Nfd7 11. Be3 exd4 12. Nxd4 Nc5 13. Bb3 Nxb3 14. Nxb3 Nc4
15. Bc1 Bf6 16. Qd3 Ne5 17. Qf1 Be6 18. f4 Bc4 19. Qf2 Nd7 20. Nd2 Ba6 21. Nf3
Re8 22. Kh1 Qb6 23. Qxb6 Nxb6 24. Nd1 Re6 25. Nf2 Rae8 26. g4 g6 27. f5 R6e7
28. g5 Be5 29. Nxe5 Rxe5 30. Ng4 gxf5 31. Nxe5 Rxe5 32. Bf4 Rxe4 33. Rxe4 fxe4
34. Bxd6 Be2 35. Bc5 Nd5 36. Re1 Bf3+ 37. Kh2 Kg7 38. Kg3 Kg6 39. c4 Nc7 40.
Be3 Na6 41. h4 Nb4 42. Bb6 Nd3 43. Rb1 h6 44. gxh6 Kxh6 45. Bxa5 f5 46. Bd2+
Kg6 47. b4 Kf6 48. Bf4 Ke6 49. a5 Be2 50. b5 cxb5 51. Rxb5 Nxf4 52. Kxf4 Bxc4
53. Rxb7 Kd5 54. h5 1-0

[Event "RA National Capital op"]
[Site "Ottawa CAN"]
[Date "2021.11.07"]
[Round "5"]
[White "Li, William"]
[Black "Adam, Rafael"]
[Result "1-0"]
[WhiteElo "2299"]
[BlackElo "1898"]
[PlyCount "93"]
[EventDate "2021.11.05"]
[EventType "swiss"]
[EventRounds "5"]
[EventCountry "CAN"]

1. e4 e5 2. Nf3 Nc6 3. Bb5 a6 4. Ba4 Nf6 5. O-O Nxe4 6. d4 b5 7. Bb3 d5 8. dxe5
Be6 9. c3 Bc5 10. Nbd2 O-O 11. Qe2 Nxd2 12. Bxd2 Qd7 13. Rad1 f6 14. exf6 gxf6
15. Bh6 Rfe8 16. Qd2 Rad8 17. Rfe1 Ne7 18. Nd4 Bf7 19. Qf4 Qd6 20. Qg4+ Ng6 21.
Nf5 Rxe1+ 22. Rxe1 Qd7 23. Bc2 Re8 24. Rxe8+ Qxe8 25. Kf1 Bf8 26. h4 Bxh6 27.
Nxh6+ Kf8 28. h5 Ne7 29. Qf4 Qc6 30. Nxf7 Kxf7 31. Bxh7 a5 32. h6 b4 33. cxb4
axb4 34. Bd3 Qa4 35. Ke2 Qe8 36. Kd2 c5 37. Qg4 Qh8 38. Qh5+ Ke6 39. g4 Qb8 40.
Bf5+ Nxf5 41. Qxf5+ Ke7 42. h7 b3 43. axb3 c4 44. g5 Qxb3 45. Qxf6+ Kd7 46. Qc3
Qb6 47. Qg7+ 1-0

[Event "RA National Capital op"]
[Site "Ottawa CAN"]
[Date "2021.11.07"]
[Round "5"]
[White "Pace, Christopher"]
[Black "Sadeghi, Saeid"]
[Result "1-0"]
[WhiteElo "2271"]
[BlackElo "2137"]
[PlyCount "55"]
[EventDate "2021.11.05"]
[EventType "swiss"]
[EventRounds "5"]
[EventCountry "CAN"]

1. e4 c6 2. d3 d5 3. Nd2 dxe4 4. dxe4 e5 5. Ngf3 Bg4 6. h3 Bxf3 7. Qxf3 Nf6 8.
Nc4 Nbd7 9. Bg5 Qc7 10. O-O-O O-O-O 11. Bxf6 gxf6 12. Qh5 Bc5 13. Be2 b5 14.
Ne3 Bxe3+ 15. fxe3 Nc5 16. Rhf1 Kb8 17. Qh4 Rxd1+ 18. Bxd1 Rd8 19. Bf3 f5 20.
exf5 e4 21. Bxe4 Qd6 22. Bf3 Qd2+ 23. Kb1 Rd7 24. Qf4+ Kb7 25. a3 Qa5 26. b4
Qxa3 27. bxc5 Qxc5 28. Rd1 1-0

[Event "RA National Capital op"]
[Site "Ottawa CAN"]
[Date "2021.11.07"]
[Round "5"]
[White "Sambuev, Bator"]
[Black "Jaferian, Koosha"]
[Result "1-0"]
[WhiteElo "2556"]
[BlackElo "2507"]
[PlyCount "121"]
[EventDate "2021.11.05"]
[EventType "swiss"]
[EventRounds "5"]
[EventCountry "CAN"]

1. d4 Nf6 2. Nf3 e6 3. e3 b6 4. Bd3 Bb7 5. O-O Be7 6. c4 c5 7. Nc3 cxd4 8. exd4
d5 9. cxd5 Nxd5 10. Ne5 O-O 11. Qg4 Nxc3 12. bxc3 Bf6 13. Bh6 Nd7 14. Rad1 Qe7
15. Rfe1 Rfd8 16. h4 Kh8 17. Bg5 h6 18. f4 Nxe5 19. dxe5 Qc5+ 20. Kh2 Bxg5 21.
fxg5 Qxc3 22. gxh6 gxh6 23. Qf4 Rxd3 24. Qxh6+ Kg8 25. Rxd3 Qxd3 26. Re3 Qxe3
27. Qxe3 Rc8 28. Qg5+ Kf8 29. Qd2 Rc4 30. g3 Be4 31. Qd8+ Kg7 32. Qf6+ Kf8 33.
Qd8+ Kg7 34. Qg5+ Kf8 35. h5 Rc2+ 36. Kg1 Rxa2 37. Qd8+ Kg7 38. Qf6+ Kf8 39. h6
Ke8 40. h7 Bxh7 41. Qh8+ Ke7 42. Qxh7 Ra4 43. Qg8 Rd4 44. Qb8 Rd7 45. Kf2 a5
46. Qxb6 Rd5 47. Qb8 a4 48. Qb4+ Ke8 49. Qxa4+ Kf8 50. Qf4 Kg7 51. g4 Rc5 52.
Qf6+ Kg8 53. g5 Rc2+ 54. Ke3 Rg2 55. Kd4 Rd2+ 56. Kc5 Rc2+ 57. Kd6 Ra2 58. g6
Ra6+ 59. Kc5 fxg6 60. Qxg6+ Kf8 61. Kb5 1-0

[Event "RA National Capital op"]
[Site "Ottawa CAN"]
[Date "2021.11.07"]
[Round "5"]
[White "Tanaka, Tyler"]
[Black "Tomb, Maroun"]
[Result "0-1"]
[WhiteElo "2240"]
[BlackElo "2301"]
[PlyCount "90"]
[EventDate "2021.11.05"]
[EventType "swiss"]
[EventRounds "5"]
[EventCountry "CAN"]

1. c4 e5 2. g3 h5 3. Nf3 e4 4. Nd4 Nc6 5. Nc2 h4 6. Bg2 f5 7. Rg1 Nf6 8. d3
hxg3 9. hxg3 d5 10. cxd5 Qxd5 11. Nc3 Qf7 12. Bf4 Be6 13. dxe4 fxe4 14. Nxe4
Nxe4 15. Bxe4 Rd8 16. Qb1 Kd7 17. Ne3 Kc8 18. Bxc6 Bb4+ 19. Kf1 bxc6 20. Qe4
Bh3+ 21. Ng2 Qxa2 22. Rc1 Qa4 23. f3 Kb7 24. Qc4 Rd7 25. Kf2 Re8 26. Be3 Bxg2
27. Rxg2 Rde7 28. Bf4 g5 29. b3 Rxe2+ 30. Kg1 Re1+ 31. Rxe1 Rxe1+ 32. Kh2 Qa5
33. Bxg5 Bd6 34. f4 Qa1 35. Rc2 Rh1+ 36. Kg2 Qg1+ 37. Kf3 Qd1+ 38. Kg2 Rg1+ 39.
Kh2 Bc5 40. Qe2 Qd5 41. Kh3 Qf5+ 42. Kh2 Rh1+ 43. Kxh1 Qh3+ 44. Qh2 Qf1+ 45.
Qg1 Qxg1# 0-1

[Event "RA National Capital op"]
[Site "Ottawa CAN"]
[Date "2021.11.07"]
[Round "5"]
[White "Villeneuve, Robert"]
[Black "Ramesh, Sanjay"]
[Result "1/2-1/2"]
[WhiteElo "2044"]
[BlackElo "1926"]
[PlyCount "35"]
[EventDate "2021.11.05"]
[EventType "swiss"]
[EventRounds "5"]
[EventCountry "CAN"]

1. e4 c6 2. d4 d5 3. exd5 cxd5 4. Nf3 Nf6 5. Ne5 Nc6 6. Bb5 Bd7 7. Nxd7 Qxd7 8.
O-O e6 9. Bf4 Bd6 10. Bxd6 Qxd6 11. c3 O-O 12. Re1 a6 13. Bf1 b5 14. a3 Rab8
15. Nd2 a5 16. Nf3 b4 17. axb4 axb4 18. Ra6 1/2-1/2

[Event "RA National Capital op"]
[Site "Ottawa CAN"]
[Date "2021.11.07"]
[Round "5"]
[White "Xu, Eddie"]
[Black "Demchenko, Svitlana"]
[Result "1-0"]
[WhiteElo "2201"]
[BlackElo "2281"]
[PlyCount "113"]
[EventDate "2021.11.05"]
[EventType "swiss"]
[EventRounds "5"]
[EventCountry "CAN"]

1. d4 Nf6 2. c4 g6 3. Nc3 Bg7 4. e4 d6 5. f3 O-O 6. Be3 Nc6 7. Nge2 a6 8. Qd2
Rb8 9. h4 h5 10. Nc1 e5 11. d5 Nd4 12. Nb3 c5 13. dxc6 bxc6 14. Nxd4 exd4 15.
Bxd4 Qe7 16. O-O-O Qb7 17. b3 Be6 18. g4 hxg4 19. h5 gxh5 20. Qg5 Qe7 21. c5
dxc5 22. Bxc5 Qc7 23. Bd6 Qb6 24. Be5 Ne8 25. Bd4 Qb4 26. Qxh5 f6 27. f4 Qa3+
28. Kd2 Rd8 29. Ke3 Rxd4 30. Rxd4 Qc1+ 31. Kd3 Qxf4 32. Qh7+ Kf7 33. Qh5+ Ke7
34. Qc5+ Kf7 35. Be2 f5 36. Rf1 Qg3+ 37. Kc2 Bxd4 38. Qxd4 f4 39. Qe5 Ke7 40.
Bc4 Rf6 41. Qc5+ Kf7 42. e5 Rh6 43. Ne2 Rh2 44. Kb1 Rxe2 45. Bxe2 Bf5+ 46. Ka1
Ng7 47. Qd4 Ne6 48. Bc4 f3 49. Rh1 Kg6 50. Bxe6 Bxe6 51. Qe4+ Kg5 52. Qe3+ Kg6
53. Rh6+ Kf7 54. Qa7+ Kf8 55. Rf6+ Kg8 56. Rg6+ Kf8 57. Qg7+ 1-0

[Event "RA National Capital op U1900"]
[Site "Ottawa CAN"]
[Date "2021.11.05"]
[Round "2"]
[White "Petryna, Nick"]
[Black "Laurin, Marcel"]
[Result "0-1"]
[WhiteElo "1780"]
[BlackElo "1686"]
[PlyCount "68"]
[EventDate "2021.11.05"]
[EventType "swiss"]
[EventRounds "5"]
[EventCountry "CAN"]

1. e4 b6 2. Nc3 Bb7 3. d4 d6 4. Nf3 h6 5. Bc4 e6 6. O-O Nd7 7. Re1 Ne7 8. d5 e5
9. Qe2 g5 10. Ba6 Bc8 11. Bxc8 Qxc8 12. Be3 Ng6 13. Qc4 a6 14. Ne2 g4 15. Nd2
Nh4 16. Ng3 Be7 17. Nf5 Nxf5 18. exf5 Nf6 19. Ne4 Qxf5 20. Qc6+ Kf8 21. Qxa8+
Kg7 22. Nxd6 Bxd6 23. Qc6 h5 24. Rf1 h4 25. f4 exf4 26. Bd4 h3 27. Bxf6+ Kxf6
28. g3 Kg7 29. Qc3+ f6 30. b4 Be5 31. Qe1 Bd4+ 32. Rf2 fxg3 33. hxg3 Qf3 34.
Qe7+ Kg6 0-1

[Event "RA National Capital op U1900"]
[Site "Ottawa CAN"]
[Date "2021.11.06"]
[Round "3"]
[White "Laurin, Marcel"]
[Black "Fang, Zhou"]
[Result "0-1"]
[WhiteElo "1686"]
[BlackElo "1753"]
[PlyCount "90"]
[EventDate "2021.11.05"]
[EventType "swiss"]
[EventRounds "5"]
[EventCountry "CAN"]

1. b3 d5 2. Bb2 c5 3. e3 Nc6 4. g3 e5 5. Bg2 Be6 6. Ne2 Nge7 7. d3 g6 8. Nd2
Bg7 9. O-O O-O 10. a3 f5 11. f4 e4 12. Bxg7 Kxg7 13. d4 cxd4 14. Nxd4 Nxd4 15.
exd4 Qb6 16. c3 Rfc8 17. Rc1 Rxc3 18. Nc4 Rxc1 19. Nxb6 Rxd1 20. Nxa8 Rxf1+ 21.
Bxf1 Nc6 22. Nc7 Bf7 23. Nb5 a6 24. Nd6 b5 25. Bxb5 axb5 26. Nxb5 Na5 27. b4
Nb3 28. Kf2 Kf6 29. Ke3 Ke6 30. a4 Ke7 31. a5 Be8 32. Nc7 Bc6 33. Na6 Bb5 34.
Nc7 Bc6 35. h3 Kd6 36. Na6 Bb5 37. Nc5 Nxc5 38. dxc5+ Kc6 39. Kd4 Bc4 40. g4
Kb5 41. gxf5 gxf5 42. h4 Kxb4 43. c6 Kxa5 44. c7 Ba6 45. Kxd5 e3 0-1